00586nam a22001817a 450000500170000000800410001705000230005810000110008124500270009225000110011926000340013030000190016449000820018360000330026565000420029865000440034065000200038420251030111847.0241127b ag |||||||| |||| 00| 0 spa d04aPA4030.S8bA3 19390 aHomero13aLa ilíadac / Homero a1a ed. aBuenos Aires :bLosada,c1939 a2 v. ;c18 cm.0 aLas Cien Obras maestras de la Literatura y del Pensamiento Universal ;v11,1204aAquiles (Personaje ficticio) aLiteratura griega ySiglo VIII b. C.  aPoesia épica griegaySiglo VIII b. C. aGuerra de Troya